Central Library OPAC University of Rajshahi

নারী প্রসঙ্গে বাংলাদেশের আইনের ভাষ্য / (Record no. 36978)

MARC details
000 -LEADER
fixed length control field 00916nam a2200217 4500
001 - CONTROL NUMBER
control field 36978
003 - CONTROL NUMBER IDENTIFIER
rucl marc code BD-RjUL
005 - DATE AND TIME OF LATEST TRANSACTION
control field 20211209052550.0
008 - FIXED-LENGTH DATA ELEMENTS--GENERAL INFORMATION
fixed length control field 140928b1990 bg a|||| ||| 00| 0 ben d
035 ## - SYSTEM CONTROL NUMBER
System control number (BD-RjUL)37080
040 ## - CATALOGING SOURCE
Original cataloging agency BD-RjUL
Language of cataloging ben
Transcribing agency BD-RjUL
041 ## - LANGUAGE CODE
Language code of text/sound track or separate title ben
082 ## - DEWEY DECIMAL CLASSIFICATION NUMBER
Edition number 21
Classification number 346.0137
Author mark and year RAN 1990
100 ## - MAIN ENTRY--PERSONAL NAME
Personal name রহমান, গাজী শামসুর
9 (RLIN) 112981
245 ## - TITLE STATEMENT
Title নারী প্রসঙ্গে বাংলাদেশের আইনের ভাষ্য /
Remainder of title গাজী শামসুর রহমান
260 ## - PUBLICATION, DISTRIBUTION, ETC. (IMPRINT)
Place of publication, distribution, etc. ঢাকা:
Name of publisher, distributor, etc. এসোসিয়েসন ফর সোশাল এ্যাডভান্সমেন্ট,
Date of publication, distribution, etc. ১৯৯০.
300 ## - PHYSICAL DESCRIPTION
Pagination [৪],৪৫৬ পৃ. :
Illustrations চিত্র ;
Size ২২সেমি.
650 ## - SUBJECT ADDED ENTRY--TOPICAL TERM
Topical term or geographic name as entry element নারী আইন
General subdivision বাংলাদেশ
9 (RLIN) 112982
Topical term or geographic name as entry element Women Law
Geographic subdivision Bangladesh
9 (RLIN) 112983
942 ## - ADDED ENTRY ELEMENTS (KOHA)
Source of classification or shelving scheme Dewey Decimal Classification
Koha item type Books
Holdings
Lost status Source of classification or shelving scheme Damaged status Not for loan Collection code Permanent Location Current Location Shelving location Date acquired Source of acquisition Cost, normal purchase price Total Checkouts Full call number Date last seen Copy number Koha item type
  Dewey Decimal Classification   Not For Loan Non-fiction Central Library, University of Rajshahi Central Library, University of Rajshahi Reading Room 18/03/1991 Trinomul, Dhaka 250.00   B 346.0137 RAN 1990 29/09/2014 C-2 Books